000 00399nam a2200133Ia 4500
008 191206s9999 xx 000 0 und d
020 _a8170461715
090 _aPR6029C33A19
245 0 _a"Body blows: women, violence, and survival : three plays"
260 _aSeagull Books
260 _cc2000
300 _a"xx, 155 p. ; 23 cm."
999 _c15574
_d15574